| 000 | 00738nam a2200265ua 4500 | ||
|---|---|---|---|
| 003 | armpcda | ||
| 005 | 20160802125101.0 | ||
| 040 |
_aarmpcda _bspa _carmpcda |
||
| 041 | _aspa | ||
| 111 | 2 |
_aEncuentro Arquisur Arquisul _nXXVI _d19 - 21 Sep. 2007 _cAsunción (Paraguay)) |
|
| 260 |
_aAsunción (Paraguay) _bUniversidad Nacional de Asunción. Facultad de Arquitectura _c2007 |
||
| 300 | 0 |
_a102 p. _b22 cm. x 30cm. |
|
| 650 | 4 | _aPREMIOS | |
| 650 | 4 | _aPROYECTOS | |
| 650 | 4 | _aEXTENSION | |
| 650 | 4 | _aINVESTIGACION | |
| 650 | 4 | _aARQUITECTURA SOSTENIBLE | |
| 650 | 4 | _aDISENO | |
| 650 | 4 | _aHABITAT | |
| 245 | 1 | 0 | _aArquisur =Arquisul |
| 942 |
_cLB _2CDU |
||
| 901 |
_an _bm |
||
| 001 | 001105 | ||
| 008 | 091020s2007 ||||||||||||||000 | spa|| | ||
| 999 |
_c572 _d572 |
||